| 000 | 01103cam a22003015a 4500 | ||
|---|---|---|---|
| 001 | 017956583 | ||
| 003 | OSt | ||
| 005 | 20171018142331.0 | ||
| 008 | 160729s2016 enk frb 001 0 eng d | ||
| 020 | _a9781138217676 | ||
| 040 |
_aStDuBDS _beng _cStDuBDS _dEG-ScBUE |
||
| 043 | _af-ua--- | ||
| 082 | 0 | 4 |
_a320.9620905 _222 _bABD |
| 100 | 1 |
_aAbdelrahman, Maha M. _97927 |
|
| 245 | 1 | 0 |
_aEgypt's permanent revolution : _bprotest movements and uprisings / _cMaha Abdelrahman. |
| 260 |
_aOxfordshire ; _aNew York : _bRoutledge / Taylor & Francis Group, _c2016. |
||
| 300 |
_aviii, 162 p. ; _c24 cm. |
||
| 500 | _aOriginally published: 2014. | ||
| 504 | _aIncludes bibliographical references and index. | ||
| 650 | 7 |
_aProtest movements _zEgypt _xHistory _y21st century. _2BUEsh _936448 |
|
| 650 | 7 |
_aPolitical activists _zEgypt. _2BUEsh _936449 |
|
| 650 | 7 |
_aArab Spring, 2010- _2BUEsh _938992 |
|
| 651 | 7 |
_aEgypt _xHistory _yProtests, 2011- _2BUEsh _936450 |
|
| 651 | 7 |
_aEgypt _xPolitics and government _y21st century _2BUEsh _923767 |
|
| 653 |
_bBUSBOL _cOctober2017 |
||
| 655 |
_vText book _933728 |
||
| 942 | _2ddc | ||
| 999 |
_c25490 _d25462 |
||